Jupiler Pro League Teams 2020-2021 - Statistics

General Stats
  • This quiz has been taken 121 times
  • The average score is 13 of 18
Answer Stats
Answer % Correct
Club Brugge
97%
RSC Anderlecht
97%
KRC Genk
91%
Royal Antwerp
91%
KAA Gent
84%
RSC Charleroi
79%
Cercle Brugge
74%
KV Mechelen
73%
KV Oostende
71%
Zulte Waregem
70%
KV Kortrijk
69%
Beerschot VA
65%
KAS Eupen
63%
OH Leuven
59%
Standard Liege
55%
Sint-Truidense VV
52%
Waasland-Beveren
43%
Royal Excel Mouscron
32%
No matching quizzes found
Score Distribution
Percent of People with Each Score
Percentile by Number Answered
Your Score History
You have not taken this quiz